Statistics for J Vocabulary Words Quiz #2

Click here to take the quiz!

General Stats

  • This quiz has been taken 12,411 times
  • The average score is 13 of 20

Answer Stats

Definition Word % Correct
Chili pepper native to MexicoJalapeƱo
92%
Catchy commercial songJingle
92%
Baby kangarooJoey
89%
Cheerful in the manner of SantaJolly
87%
MandibleJawbone
86%
Japanese martial art with grapplingJudo
81%
Slang for coffee (named after an island)Java
80%
Islamic term that can mean either
holy war or inner struggle
Jihad
78%
Impassible, overgrown forestJungle
76%
Fragrant plant used to make teaJasmine
72%
Unit of energy. About 1/4th of a calorieJoule
71%
Prostitute's clientJohn
61%
OversizedJumbo
61%
A mild hexJinx
57%
Fatty flesh around the chinJowl
52%
Wharf or dockJetty
51%
Cheerful in the manner of ZeusJovial
45%
The sides of a door frameJamb
44%
Type of coarse fiber materialJute
31%
Menacing footwear of a fascist thugJackboot
26%

Score Distribution

Percentile by Number Answered

Percent of People with Each Score

Your Score History

You have not taken this quiz